Datum a čas kvízu
16.5
Celkem bodů
Celkový počet nahraných bodů na tomto kvízu bez doplňovacích otázek.
12.
Pořadí na kvízu
Konečné umístění týmu na tomto kvízu.
Zaznamenané odpovědi
| # | Otázka | Odpověď | Body | Výsledky |
|---|---|---|---|---|
| 1. | Ve středu do toho „praštil“ da... | Lucie Šafářová, Tomáš Plekanec | 1 | |
| 2. | Minulý týden jsme mohli sledov... | La Palma | 1 | |
| 3. | Herec Daniel Craig získal v br... | fregatní kapitán | 0 | |
| 4. | Americký řetězec Costco zavedl... | toaletního papíru | 0 | |
| 5. | V minulém týdnu se konaly dva... | golf, tenis | 0 | |
| 6. | V pátém díle našeho cestovatel... | Pražský kraj | 0 | |
| 7. | Jedním z nejnavštěvovanějších... | V gotickém slohu. | 1 | |
| 8. | Důležitým průmyslovým centrem... | Laurin a Klement | 1 | |
| 9. | Ze Středočeského kraje pochází... | D | 0 | |
| 10. | V tomto kraji najdeme také spo... | V Mnichově Hradišti. | 0 |